000
00277nam a22001337a 4500
008
181218b xxu||||| |||| 00| 0 eng d
020
_a
0471089753
041
_a
eng
080
_a
510
100
_a
39
101
_a
mat
245
_a
Mathematical
_c
Poya.G
942
_2
udc
_c
BK
999
_c
53382
_d
53382